Beloved

Bibliographic Details
Main Author: Morrison, Toni (Author)
Format: Book
Published: New York : Alfred A. Knopf , c1987

MARC

LEADER 00000cam a2200000 7i4500
001 0000008757
005 20070514093000.0
008 021119s1987
020 |a 0394535979 
090 0 0 |a PS3563.O87   |b B4 f 
100 0 |a Morrison, Toni ,   |e author 
245 0 0 |a Beloved   |c Toni Morrison 
260 2 |a New York :   |b Alfred A. Knopf ,   |c c1987 
300 |a 275 p. ; ;   |c 25 cm. 
999 |a 1000037727   |b Book   |c OPEN SHELF (30 DAYS)   |e Gong Badak Campus 
999 |a 1000054408   |b Book   |c OPEN SHELF (30 DAYS)   |e Gong Badak Campus